1521 1078 1149 1954 1801 1686 1417 1741 1867 1676 1300 1193 1538 1333 1542 1629 1986 1706 1407 1124 1291 1391 1749 1932 1082 1505 1527 1403 1842 1072 1916 1446 1409 1036 1811 1023 1972 1810 1545 1334 1349 1010 1539 1943 1149 1763 1716 1966 1360 1941 1162 1272 1378 1854 1824 1551 1027 1050 1975 1947 1007 1189 1918 1849 1156 1447 1753 1453 1802 1054 1495 1799 1166 1088 1842 1266 1744 1573 1609 1939 1210 1085 1105 1094 1845 1533 1755 1862 1179 1063 1985 1870 1784 1390 1864 1158 1715 1037 1782 BCNSPRNW ULIB Ver.6.0+V

เปลี่ยนเป็นภาษาไทย

Change to English
 แสดงรายละเอียดบรรณานุกรม
  กลับหน้าหลัก

Brief Record : Get Marc (ISO 2709) : E-mail record : QR code < ปิดหน้าต่าง
LEADER : 00000nam 2200000uu 4500
001    13399113331
003     ULIB
008    110627s2550||||th 000 0 tha d
020    9789749471876
090    นว.^bร147ห 2550
100 0  ร่มแก้ว
245 00 หัวใจไม่เคยหยุด(รัก)/^cร่มแก้ว
250    พิมพ์ครั้งที่ 1
260    กรุงเทพฯ :^bพิมพ์คำ,^c2550
300    383 หน้า
710 1  พิมพ์คำ
945    ^p240^l0^i021017
995    ทศพร
999 ^a ใช้งานได้ทุกระบบ
รายการนี้ยังไม่มีแท็ก
คุณยังไม่ได้ล็อกอิน คุณสามารถมีกิจกรรมร่วมกับเว็บไซต์ได้ แต่ต้องล็อกอินก่อน ::
  ล็อกอิน

รายการสื่อสารสนเทศ

ลำดับที่ ประเภท เลขเรียก/บาร์โค้ด สถานที่ สถานะ
- ไม่พบข้อมูล -

รายการใกล้เคียง
    ผู้แต่ง [ร่มแก้ว]

BibComment


ยังไม่เคยถูกคอมเมนท์

คอมเมนท์ทรัพยากรรายการนี้
  คอมเมนท์: หัวใจไม่เคยหยุดรั..


 Copyright 2026. Bcnsprnw @Library